Statistics for U.S History Multiple Choice #3

Click here to take the quiz!

General Stats

  • This quiz has been taken 474 times
  • The average score is 8 of 15

Answer Stats

QuestionAnswer% Correct
What city was heavily flooded by Hurricane Katrina?New Orleans
94%
What instrument is Louis Armstrong most known for playing?Trumpet
79%
What company was owned by John. D. Rockefeller?Standard Oil
74%
How many presidents have been assassinated?4
68%
Who famously lived in Menlo Park?Thomas Edison
62%
What did the 18th amendment outlaw?Alcohol
55%
Which of these states was NOT part of the confederacy?Kentucky
52%
Who was the first president to live in the White House?John Adams
50%
What was the first place in the U.S where women could vote?Wyoming
50%
When were African Americans given the right to vote?1870s
44%
What was the first state added to the Union after the thirteen colonies?Vermont
44%
Where did the Battle of Yorktown occur?Virginia
43%
Which of these territories was NOT given to the U.S after the Spanish-American War?U.S Virgin Islands
40%
Did Japan ever capture any land in what is now the fifty states?Yes
39%
The Treaty of Portsmouth signed in Portsmouth, New Hampshire was the only treaty to end a foreign war ever signed in the U.S. What war did it end?Russo-Japanese War
33%

Score Distribution

Percentile by Number Answered

Percent of People with Each Score

Your Score History

You have not taken this quiz